მსოფლიოს ისტორიული და პოლიტიკური გეოგრაფია (ბიბ.ჩანაწერი № 43579)
[ მარტივი ფორმატი ]
| 000 -LEADER | |
|---|---|
| fixed length control field | 00690nam a2200157Ia 4500 |
| 001 - CONTROL NUMBER | |
| control field | 10312 |
| 003 - CONTROL NUMBER IDENTIFIER | |
| control field | GE_BSU |
| 008 - FIXED-LENGTH DATA ELEMENTS--GENERAL INFORMATION | |
| fixed length control field | 181216s||||||||xx |||||||||||||| ||und|| |
| 040 ## - CATALOGING SOURCE | |
| Transcribing agency | GE_BSU |
| 100 ## - MAIN ENTRY--PERSONAL NAME | |
| Personal name | დავითაშვილი,ზურაბ |
| 245 ## - TITLE STATEMENT | |
| Title | მსოფლიოს ისტორიული და პოლიტიკური გეოგრაფია |
| 245 ## - TITLE STATEMENT | |
| Remainder of title | სახელმძღვანელო უმაღლეს სასწ. სტუდ. |
| 245 ## - TITLE STATEMENT | |
| Statement of responsibility, etc. | რედ.ი სალუქვაძე |
| 653 ## - INDEX TERM--UNCONTROLLED | |
| Uncontrolled term | მსოფლიოს ისტორიული და პოლიტიკური გეოგრაფია |
| 942 ## - ADDED ENTRY ELEMENTS (KOHA) | |
| Koha item type | წიგნი |
არაა ხელმისაწვდომი ეგზემპლარები.
